Tea industry in India (Record no. 30165)

MARC details
000 -LEADER
fixed length control field 00303nam a2200121Ia 4500
082 ## - DEWEY DECIMAL CLASSIFICATION NUMBER
Classification number 338.45633.72(540)
Item number CHA
100 ## - MAIN ENTRY--AUTHOR NAME
Personal name CHAUDHURI, M R
245 #0 - TITLE STATEMENT
Title Tea industry in India
260 ## - PUBLICATION, DISTRIBUTION, ETC. (IMPRINT)
Place of publication Calcutta
Name of publisher Oxford
Year of publication 1978
650 ## - SUBJECT ADDED ENTRY--TOPICAL TERM
Topical Term Tea industry
942 ## - ADDED ENTRY ELEMENTS (KOHA)
Koha item type Books
Holdings
Withdrawn status Lost status Damaged status Not for loan Home library Current library Date acquired Full call number Accession Number Koha item type
        RRII Library RRII Library 16/12/2021 338.45633.72(540) CHA 10741 Books